000 00443nab a2200145 4500
003 ES-SlBCS
005 20210327231213.0
008 150316s2015 sp ||||| |||| 00| 0 spa d
040 _aES-SlBCS
_bspa
100 1 _aEscohotado, Antonio
_925532
245 1 0 _aDe la guerra al armisticio
_cAntonio Escohotado
650 0 4 _aMedicina
_914377
773 0 _gNº 239, 2015, págs. 9-21
_tClaves de Razón Práctica
_wRev1103
_x1130-3689
942 _2lcc
_cAR
999 _c851332
_d851332